000 00698nam a2200229 u 4500
005 20240228064239.0
008 160509s2007 r 000 0 eng d
020 _a9788467520194
035 _aUPN01000210196
049 _aI
050 4 _aPZ7
_bD2.3
100 1 _aD´Amico, Carmela
_938854
245 1 0 _aEva y la tarta /
_cCarmela D'Amico, Steven D'Amico ; tr. Lucia Alvarez.
260 _aMadrid :
_bSM,
_c2007.
300 _a[42] p. :
_bil.
534 _pTítulo original:
_tElla takes the cake
650 7 _aLiteratura infantil estadounidense
_2
_99173
650 4 _aLibros y lectura para niños
_92290
700 1 _aD´Amico, Steven,
_ecoaut.
905 _aInfantil
999 _c182297
_d182297